Ուշադրությո'ւն, թույն է / (Record no. 107786)
[ view plain ]
| 000 -LEADER | |
|---|---|
| fixed length control field | 01100nam a2200229 u 4500 |
| 001 - CONTROL NUMBER | |
| control field | 000293984 |
| 003 - CONTROL NUMBER IDENTIFIER | |
| control field | AM-YeHGA |
| 005 - DATE AND TIME OF LATEST TRANSACTION | |
| control field | 20250618071915.0 |
| 008 - FIXED-LENGTH DATA ELEMENTS--GENERAL INFORMATION | |
| fixed length control field | 031215s1986 ai r 000 0 arm d |
| 040 ## - CATALOGING SOURCE | |
| Original cataloging agency | AM-YeHGA |
| 041 1# - LANGUAGE CODE | |
| Language code of text/sound track or separate title | arm |
| Language code of original | rus |
| 090 ## - LOCALLY ASSIGNED LC-TYPE CALL NUMBER (OCLC); LOCAL CALL NUMBER (RLIN) | |
| -- | 109113 |
| 100 1# - MAIN ENTRY--PERSONAL NAME | |
| Personal name | Բաբայան, Էդուարդ Արմենակի, |
| Dates associated with a name | 1920- |
| 245 10 - TITLE STATEMENT | |
| Title | Ուշադրությո'ւն, թույն է / |
| Statement of responsibility, etc. | Է.Ա. Բաբայան; Թարգմ.՝ Հ. Մինասյան; ՀՍՍՀ առողջապահության մին-թյան հանրապետ. Սանլուստուն; ՀՍՍՀ Կարմիր Խաչի ը-թյան կենտկոմ. |
| 250 ## - EDITION STATEMENT | |
| Edition statement | 2-րդ հրատ |
| 260 ## - PUBLICATION, DISTRIBUTION, ETC. | |
| Place of publication, distribution, etc. | Երևան : |
| Name of publisher, distributor, etc. | Հայաստան, |
| Date of publication, distribution, etc. | 1986. |
| 300 ## - PHYSICAL DESCRIPTION | |
| Extent | 70 էջ. |
| 650 14 - SUBJECT ADDED ENTRY--TOPICAL TERM | |
| Topical term or geographic name entry element | Ալկոհոլիզմ |
| 9 (RLIN) | 1002 |
| 700 1# - ADDED ENTRY--PERSONAL NAME | |
| Personal name | Մինասյան, Հարություն Մեսրոպի, |
| Dates associated with a name | 1952- |
| Relator term | թարգմ. |
| Relationship | trl |
| 9 (RLIN) | 3351 |
| 710 2# - ADDED ENTRY--CORPORATE NAME | |
| Corporate name or jurisdiction name as entry element | Առողջապահության մինիստրության հանրապետական Սանլուստուն. ՀՍՍՀ |
| 710 2# - ADDED ENTRY--CORPORATE NAME | |
| Corporate name or jurisdiction name as entry element | Կարմիր Խաչի ընկերության կենտրոնական կոմիտե ՀՍՍՀ |
| Withdrawn status | Lost status | Damaged status | Not for loan | Collection | Home library | Current library | Date acquired | Total checkouts | Full call number | Barcode | Date last seen | Price effective from | Koha item type | Public note |
|---|---|---|---|---|---|---|---|---|---|---|---|---|---|---|
| General | Fundamental Scientific Library | Fundamental Scientific Library | 22/12/2016 | 613.81 | 220074337 | 22/12/2016 | 22/12/2016 | Գրքեր / Books | 30 Days Loan |
ՀՀ Գիտությունների ազգային ակադեմիայի հիմնարար գիտական գրադարան = Fundamental Scientific Library of NAS RA
All site content, except where otherwise noted, is licensed under a